Идеи К. Э. Циолковского и современные проблемы ракетной и космической техники: труды XVIII чтений, посвященных разработке научного наследия и развитию идей К. Э. Циолковского, Калуга, 13-16 сент. 1983 г.

Bibliografiske detaljer
Corporate Authors: Идеи К. Э. Циолковского и современные проблемы ракетной и космической техники, Государственный музей истории космонавтики
Andre forfattere: Гришин С. Д. (редактор)
Sprog:russisk
Udgivet: Москва, Изд-во ИИЕТ, 1984
Fag:
Format: Bog
KOHA link:https://koha.lib.tpu.ru/cgi-bin/koha/opac-detail.pl?biblionumber=287534

MARC

LEADER 00000nam0a2200000 4500
001 287534
005 20231102000010.0
035 |a (RuTPU)RU\TPU\book\311939 
035 |a RU\TPU\book\115631 
090 |a 287534 
100 |a 20150317d1984 k y0rusy5003 ca 
101 0 |a rus 
102 |a RU 
105 |a a z 101zb 
200 1 |a Идеи К. Э. Циолковского и современные проблемы ракетной и космической техники  |e труды XVIII чтений, посвященных разработке научного наследия и развитию идей К. Э. Циолковского, Калуга, 13-16 сент. 1983 г.  |f Государственный музей истории космонавтики ; под ред. С. Д. Гришина 
210 |a Москва  |c Изд-во ИИЕТ  |d 1984 
215 |a 145 с.  |c ил. 
600 1 |a Циолковский  |g Константин Эдуардович  |b К. Э.  |c учёный и изобретатель  |c основоположник космонавтики  |f 1857-1935  |2 stltpush  |3 (RuTPU)RU\TPU\pers\1304 
606 1 |a Ракетная техника  |2 stltpush  |3 (RuTPU)RU\TPU\subj\23673  |9 48221 
610 1 |a космические летательные аппараты 
610 1 |a космическое пространство 
610 1 |a конференции 
610 1 |a космическое производство 
610 1 |a чтения 
675 |a 629.76(09)  |z rus  |v 4 
702 1 |a Гришин  |b С. Д.  |4 340 
712 1 2 |a Идеи К. Э. Циолковского и современные проблемы ракетной и космической техники  |d 16  |e Калуга  |f 1983 
712 0 2 |a Государственный музей истории космонавтики  |2 stltpush  |3 (RuTPU)RU\TPU\col\15626  |9 26196 
801 0 |a RU  |b 63413507  |c 19950704  |g psbo 
801 1 |a RU  |b 63413507  |c 20061219  |g PSBO 
801 2 |a RU  |b 63413507  |c 20170703  |g PSBO 
942 |c BK